<?xml version="1.0" encoding="UTF-8"?>
<collection xmlns="http://www.loc.gov/MARC21/slim">
<record>
  <controlfield tag="001">285452</controlfield>
  <controlfield tag="005">20240928180416.0</controlfield>
  <datafield tag="035" ind1=" " ind2=" ">
    <subfield code="a">G:(GEPRIS)243115955</subfield>
  </datafield>
  <datafield tag="024" ind1="7" ind2=" ">
    <subfield code="a">G:(GEPRIS)243115955</subfield>
    <subfield code="d">243115955</subfield>
  </datafield>
  <datafield tag="040" ind1=" " ind2=" ">
    <subfield code="a">GEPRIS</subfield>
    <subfield code="c">http://gepris.its.kfa-juelich.de</subfield>
  </datafield>
  <datafield tag="150" ind1=" " ind2=" ">
    <subfield code="a">STAT6-regulierte B-Zellantworten bei Typ 2 Immunreaktionen (20)</subfield>
    <subfield code="y">2013 - 2022</subfield>
  </datafield>
  <datafield tag="371" ind1=" " ind2=" ">
    <subfield code="a">Professor Dr. David Vöhringer</subfield>
  </datafield>
  <datafield tag="450" ind1=" " ind2=" ">
    <subfield code="a">DFG project G:(GEPRIS)243115955</subfield>
    <subfield code="w">d</subfield>
    <subfield code="y">2013 - 2022</subfield>
  </datafield>
  <datafield tag="510" ind1="1" ind2=" ">
    <subfield code="a">Deutsche Forschungsgemeinschaft</subfield>
    <subfield code="0">I:(DE-588b)2007744-0</subfield>
    <subfield code="b">DFG</subfield>
  </datafield>
  <datafield tag="550" ind1=" " ind2=" ">
    <subfield code="0">G:(GEPRIS)215346292</subfield>
    <subfield code="a">TRR 130: B-Zellen: Immunität und Autoimmunität</subfield>
    <subfield code="w">t</subfield>
  </datafield>
  <datafield tag="680" ind1=" " ind2=" ">
    <subfield code="a">Der Transkriptionsfaktor STAT6 induziert den Immunglobulin-Klassenwechsel zu IgE. Projekt 20 konnte zeigen, dass STAT6 in B-Zellen auch für die Keimzentrumsreaktion bei Typ 2 Immunreaktionen wichtig ist und identifizierte zahlreiche STAT6-regulierte Gene. Außerdem konnte das Projekt zeigen, dass das „immunotyrosine tail motif“ des IgE-BCR für die Zunahme von IgE+ Plasmazellen wichtig ist. In der nächsten Förderperiode wird das Projekt einzelne STAT6-regulierte Gene im Kontext einer Keimzentrumsreaktion charakterisieren, neue B-Zellantigene von Helminthen identifizieren und die Entwicklung von Gedächtniszellen und langlebigen Plasmazellen durch Markierung von Keimzentrums-B-Zellen untersuchen.</subfield>
  </datafield>
  <datafield tag="909" ind1="C" ind2="O">
    <subfield code="o">oai:juser.fz-juelich.de:952195</subfield>
    <subfield code="p">authority:GRANT</subfield>
    <subfield code="p">authority</subfield>
  </datafield>
  <datafield tag="980" ind1=" " ind2=" ">
    <subfield code="a">G</subfield>
  </datafield>
  <datafield tag="980" ind1=" " ind2=" ">
    <subfield code="a">AUTHORITY</subfield>
  </datafield>
  <datafield tag="909" ind1="C" ind2="O">
    <subfield code="o">oai:juser.fz-juelich.de:952195</subfield>
  </datafield>
</record>
</collection>